Largest/Highest Country by Category - Statistics

General Stats
  • This quiz has been taken 15 times
  • The average score is 5 of 10
Answer Stats
Hint Answer % Correct
Population India
100%
Land Area Russia
100%
GDP US
93%
Average Age Monaco
67%
Elevation of a Capital City Bolivia
60%
% of Men Qatar
40%
Human Weight Nauru
33%
Average Elevation Afghanistan
20%
Drinking Age Eritrea
13%
% of Women Djibouti
0%
No matching quizzes found
Score Distribution
Percent of People with Each Score
Percentile by Number Answered
Your Score History
You have not taken this quiz